Normal view MARC view

Entry Nombre personal

Number of records used in: 1

001 - NÚMERO DE CONTROL

  • campo de control: 240553

003 - IDENTIFICADOR DE NÚMERO DE CONTROL

  • campo de control: SpMaBN

005 - FECHA Y HORA DE LA ÚLTIMA TRANSACCIÓN

  • campo de control: 20250519195802.0

008 - ELEMENTOS DE DATO DE LONGITUD-FIJA

  • campo de control de longitud fija: 820101n| aijnnaabn |a aaa

024 7# - IDENTIFICADOR DE OTROS ESTÁNDARES

  • Número estándar o código: http://viaf.org/viaf/71578307/
  • Fuente: viaf

024 7# - IDENTIFICADOR DE OTROS ESTÁNDARES

  • Número estándar o código: https://isni.org/isni/0000000122817095
  • Fuente: isni

024 7# - IDENTIFICADOR DE OTROS ESTÁNDARES

  • Número estándar o código: http://www.wikidata.org/entity/Q55010
  • Fuente: wikidata

040 ## - FUENTE DE CATALOGACIÓN

  • Centro catalogador/agencia de origen: SpMaBN
  • Lengua de catalogación: spa
  • Centro/agencia transcriptor: SpMaBN
  • Normas de descripción: rdc
  • Convención/Normas de encabezamiento de materia/tesauro: embne

046 ## - FECHAS CON CODIFICACIÓN ESPECIAL

  • Fecha de nacimiento: 1854
  • Fecha de la muerte: 1921

100 1# - ENCABEZAMIENTO-NOMBRE DE PERSONA

  • Nombre de persona: Humperdinck, Engelbert,
  • Fechas asociadas al nombre: 1854-1921

370 ## - LUGAR ASOCIADO

  • Lugar de nacimiento: Siegburg
  • Número de control del registro de autoridad o número normalizado: XX458232
  • Fuente de información: Wikidata

372 ## - CAMPO DE ACTIVIDAD

  • Campo de actividad: Compositores
  • Campo de actividad: Ópera
  • Fuente de información: Wikidata

374 ## - OCUPACIÓN

  • Ocupación: Libretistas
  • Ocupación: Musicólogos
  • Ocupación: Directores de orquesta
  • Ocupación: Compositores
  • Fuente de información: Wikidata

375 ## - GÉNERO/SEXO

  • Género: Masculino

377 ## - IDIOMA ASOCIADO

  • Término de lengua/lenguaje: Alemán

400 1# - TRAZADO DE VÉASE--NOMBRE DE PERSONA

  • Nombre de persona: Humperdinck, E.
  • Fechas asociadas al nombre: 1854-1921

670 ## - FUENTE DE DATOS ENCONTRADOS

  • Cita de la fuente: The New Grove Dictionary of Music and Musicians, Macmillan, 2002
  • Información encontrada: (Humperdinck, Engelbert; n. Segburg, 1 septiembre 1854, m. Neustrelitz, 27 septiembre 1921; compositor y profesor alemán)

670 ## - FUENTE DE DATOS ENCONTRADOS

  • Cita de la fuente: Hansel y Gretel, 2005
  • Información encontrada: port. (de E. Humperdinck)